L´ attente

Gorde:
Xehetasun bibliografikoak
Egile nagusia: Bertrand, Claude
Formatua: Liburua
Hizkuntza:Undetermined
Argitaratua: Quebec, Canadá Le Préambule 1989
Gaiak:
Etiketak: Etiketa erantsi
Etiketarik gabe, Izan zaitez lehena erregistro honi etiketa jartzen!

MARC

LEADER 00000nam a2200000Ia 4500
008 170316s9999 xx 000 0 und d
040 |a cru BVZT 
090 |a 840 B-17.1a 
100 |a Bertrand, Claude 
245 |a L´ attente 
260 |a Quebec, Canadá 
260 |b Le Préambule 
260 |c 1989 
300 |a 172 páginas 
650 |a LITERATURA FRANCESA 
650 |a DIARIOS INTIMOS 
999 |c 7494  |d 7494 
942 |c 15 D  |h 840 B-17.1a  |2 z